Siirry sisältöön
VuFind
Kieli
English
Deutsch
Español
Français
Italiano
日本語
Nederlands
Português
Português (Brasil)
中文(简体)
中文(繁體)
Türkçe
עברית
Gaeilge
Cymraeg
Ελληνικά
Català
Euskara
Русский
Čeština
Suomi
Svenska
polski
Dansk
slovenščina
اللغة العربية
বাংলা
Galego
Tiếng Việt
Hrvatski
हिंदी
Kaikki kentät
Nimeke
Tekijä
Aihe
Hyllypaikka
ISBN/ISSN
Tagi
Hae
Tarkennettu
Poista rajaukset
Aihe-ehdotuksia:
ICAR project
Poista rajaukset
Näytä rajaukset (1)
Aihe-ehdotuksia:
ICAR project
Haku
Rahul samskrithyayan ka sargat...
Sitaatti
Lähetä sähköpostilla
Tulosta
Vie tietue
Vienti: RefWorks
Vienti: EndNoteWeb
Vienti: EndNote
permanent_link
Lataa...
Rahul samskrithyayan ka sargatmak sahity
Saatavuustiedot
Kuvaus
Samankaltaisia teoksia
Henkilökuntanäyttö
LEADER
00179 a2200097 4500
020
260
942
|c
BK
|6
_
245
|a
Rahul samskrithyayan ka sargatmak sahity
100
999
|c
66599
|d
66599
Samankaltaisia teoksia
Rahul samskrithyayan /
Tekijä: Bhramanath
Julkaistu: (1971)
Rahul samskrithyayan kee sresht nibanth /
Tekijä: Kamala Samskrithyayan
Julkaistu: (1982)
Rahul sakruthyayan ka katha sahity /
Tekijä: Prabhasankar Mithr
Julkaistu: (1967)
Rahul nibandhavali : sahity /
Tekijä: Rahol Samkrityayan
Julkaistu: (1970)
Bangal sahity ka sahity ithihas /
Tekijä: Sathyendra
Julkaistu: (1968)
Lataa...